Vybrané problémy drobného a stredného podnikania

Saved in:
Bibliographic Details
Main Author: Šulajová, Irena
Corporate Author: Vysoká škola ekonomická v Bratislave. Fakulta ekonomiky služieb a cestovného ruchu v Banskej Bystrici
Other Authors: Longauerová, Alena
Format: Book
Language:Slovak
Published: Bratislava VŠE 1991
Edition:1. vyd.
Tags: Add Tag
No Tags, Be the first to tag this record!

MARC

LEADER 00000nam a2200000 4500
001 c024246
005 20221214095229.6
041 0 |a slo 
044 |a SK 
245 1 0 |a Vybrané problémy drobného a stredného podnikania  |c Irena Šulajová, Alena Longauerová 
250 |a 1. vyd. 
264 1 |a Bratislava  |b VŠE  |c 1991 
300 |a 159 s. 
100 1 |a Šulajová, Irena 
700 1 |a Longauerová, Alena 
710 2 |a Vysoká škola ekonomická v Bratislave. Fakulta ekonomiky služieb a cestovného ruchu v Banskej Bystrici